[Event "European Senior Team Chess Championship "]
[Site "Hotel AIRO Vienna, Kurbadstr. "]
[Date "2015.07.14"]
[Round "3"]
[White "Schmidt, Bodo"]
[Black "Vucenovic, Dragomir"]
[Result "1/2-1/2"]
[WhiteElo "2353"]
[BlackElo "2229"]
[PlyCount "101"]
[EventDate "2015.07.12"]
[EventType "team"]
[EventRounds "9"]
[EventCountry "AUT"]
[WhiteTeam "Germany"]
[BlackTeam "Schweiz"]

1. d4 d5 2. c4 c6 3. cxd5 cxd5 4. Bf4 e6 5. Nc3 Bd6 6. Bg3 Nc6 7. e3 Nf6 8. Nf3
Bxg3 9. hxg3 Qe7 10. Bd3 a6 11. Rc1 Bd7 12. Ne5 Rc8 13. Kf1 g6 14. g4 Nxe5 15.
dxe5 Ng8 16. a3 Qd8 17. Qb3 b5 18. Qb4 Ne7 19. Qf4 Nc6 20. Qh6 Nxe5 21. Qg7
Nxd3 22. Qxh8+ Ke7 23. Qxd8+ Kxd8 24. Rb1 Nxb2 25. Rxb2 Rxc3 26. Rxh7 Rxa3 27.
Rxf7 a5 28. Rg7 b4 29. Ke1 Ra1+ 30. Ke2 Bb5+ 31. Kf3 Bc4 32. Kf4 b3 33. f3 a4
34. g3 Ra2 35. Rb1 Rh2 36. Rb7 Kc8 37. Rb4 Bd3 38. Rd1 Bc4 39. Ra1 b2 40. Raxa4
Bd3 41. Ra8+ Kc7 42. Rab8 b1=Q 43. Rxb1 Bxb1 44. Rxb1 Re2 45. Rb3 Kd6 46. Rb6+
Ke7 47. Rb3 Kd6 48. Rd3 e5+ 49. Kg5 Kc5 50. f4 e4 51. Rc3+ 1/2-1/2

[Event "European Senior Team Chess Championship "]
[Site "Hotel AIRO Vienna, Kurbadstr. "]
[Date "2015.07.14"]
[Round "3"]
[White "Bhend, Edwin"]
[Black "Ackermann, Hans Werner"]
[Result "1/2-1/2"]
[WhiteElo "2195"]
[BlackElo "2297"]
[PlyCount "61"]
[EventDate "2015.07.12"]
[EventType "team"]
[EventRounds "9"]
[EventCountry "AUT"]
[WhiteTeam "Schweiz"]
[BlackTeam "Germany"]

1. b3 e5 2. Bb2 Nc6 3. Nf3 e4 4. Nd4 Nxd4 5. Bxd4 Nf6 6. c4 b6 7. e3 Bb7 8. Be2
Bc5 9. Bxc5 bxc5 10. Nc3 O-O 11. O-O a5 12. f4 Qe7 13. Qe1 Ne8 14. g4 c6 15. d3
d5 16. dxe4 dxe4 17. Rd1 Nc7 18. Na4 Bc8 19. h3 f5 20. Qg3 Be6 21. gxf5 Bxf5
22. Bg4 Ne6 23. Rd2 Ra7 24. Rfd1 Rc7 25. Kh2 Rf6 26. Bxf5 Rxf5 27. Nc3 Nf8 28.
Rd8 Rf6 29. Qg2 Rg6 30. Qf2 h6 31. Ne2 1/2-1/2

[Event "European Senior Team Chess Championship "]
[Site "Hotel AIRO Vienna, Kurbadstr. "]
[Date "2015.07.14"]
[Round "3"]
[White "Bartsch, Berthold"]
[Black "Reiss, Siegfried"]
[Result "1/2-1/2"]
[WhiteElo "2316"]
[BlackElo "2103"]
[PlyCount "92"]
[EventDate "2015.07.12"]
[EventType "team"]
[EventRounds "9"]
[EventCountry "AUT"]
[WhiteTeam "Germany"]
[BlackTeam "Schweiz"]

1. e4 d5 2. Nc3 dxe4 3. Nxe4 Nf6 4. Nxf6+ exf6 5. d4 Nc6 6. Nf3 Bd6 7. Be2 Bf5
8. a3 Qd7 9. O-O O-O 10. b4 Rfe8 11. Be3 Ne7 12. c4 Ng6 13. Qd2 c6 14. Rfd1
Rad8 15. a4 Be4 16. b5 f5 17. d5 c5 18. Qa2 f4 19. Bc1 Ne5 20. Qb3 Qg4 21. Bb2
Bxf3 22. Bxf3 Nxf3+ 23. Qxf3 Qxf3 24. gxf3 Re2 25. Bc3 Rde8 26. Re1 f6 27. Kf1
Rxe1+ 28. Bxe1 Be5 29. Rd1 Kf7 30. a5 Ke7 31. Bd2 Kd6 32. Re1 g5 33. Rb1 Bd4
34. a6 b6 35. Rd1 Re7 36. Bc1 Be5 37. Kg2 h5 38. Rh1 Bd4 39. Kf1 h4 40. Bd2 Re8
41. h3 Re7 42. Rg1 Re8 43. Rg4 Re7 44. Rg2 Re8 45. Rg1 Re7 46. Rg4 Re8 1/2-1/2

[Event "European Senior Team Chess Championship "]
[Site "Hotel AIRO Vienna, Kurbadstr. "]
[Date "2015.07.14"]
[Round "3"]
[White "Illi, Hans-Joerg"]
[Black "Clemens, Christian"]
[Result "0-1"]
[WhiteElo "2078"]
[BlackElo "2280"]
[PlyCount "79"]
[EventDate "2015.07.12"]
[EventType "team"]
[EventRounds "9"]
[EventCountry "AUT"]
[WhiteTeam "Schweiz"]
[BlackTeam "Germany"]

1. d4 f5 2. Nf3 Nf6 3. Bg5 e6 4. Nbd2 d5 5. e3 Be7 6. Bd3 O-O 7. Qe2 c5 8. c3
Nc6 9. Ne5 Nxe5 10. dxe5 Nd7 11. Bxe7 Qxe7 12. f4 c4 13. Bc2 b5 14. a3 a5 15.
O-O Nc5 16. Nf3 Bd7 17. Nd4 Rab8 18. g4 g6 19. Qg2 Kh8 20. Kh1 Be8 21. g5 b4
22. Qd2 bxc3 23. Qxc3 Qa7 24. Rab1 Bd7 25. b4 cxb3 26. Nxb3 Nxb3 27. Bxb3 Rfc8
28. Qd2 Qc5 29. Qd4 Qxa3 30. Bxd5 Rb4 31. Qa7 Rxb1 32. Rxb1 Qd3 33. Ba2 Bc6+
34. Kg1 Qc2 35. Kf1 Qxa2 36. Rb8 Qc4+ 37. Kf2 Qc2+ 38. Ke1 Qc1+ 39. Kf2 Qd2+
40. Kf1 0-1

[Event "European Senior Team Chess Championship "]
[Site "Hotel AIRO Vienna, Kurbadstr. "]
[Date "2015.07.15"]
[Round "4"]
[White "Zilberman, Yaacov"]
[Black "Mednikova, Svetlana"]
[Result "1-0"]
[WhiteElo "2383"]
[BlackElo "2190"]
[PlyCount "77"]
[EventDate "2015.07.12"]
[EventType "team"]
[EventRounds "9"]
[EventCountry "AUT"]
[WhiteTeam "Israel"]
[BlackTeam "Russia Women"]

1. d4 d5 2. c4 dxc4 3. Nf3 Nf6 4. e3 Bg4 5. Bxc4 e6 6. h3 Bh5 7. O-O Nc6 8. Be2
Bd6 9. Nbd2 O-O 10. b3 Qe7 11. Bb2 Ba3 12. Bxa3 Qxa3 13. Qc1 Qe7 14. Nc4 Nd7
15. Re1 Bg6 16. a3 a5 17. Qb2 Rfe8 18. Rac1 f6 19. Red1 Nd8 20. Qc3 b6 21. Nfd2
Rb8 22. Bf3 c5 23. d5 exd5 24. Bxd5+ Bf7 25. Nf3 Bxd5 26. Rxd5 Nf7 27. Rcd1 Rb7
28. Nd6 Nxd6 29. Rxd6 Ne5 30. Nxe5 fxe5 31. Qc4+ Qf7 32. Qb5 Rf8 33. R1d2 a4
34. bxa4 Qc7 35. Rd7 Qc8 36. Rxb7 Qxb7 37. a5 Rb8 38. Rd6 bxa5 39. Rd8+ 1-0

[Event "European Senior Team Chess Championship "]
[Site "Hotel AIRO Vienna, Kurbadstr. "]
[Date "2015.07.15"]
[Round "4"]
[White "Kozlovskaya, Valentina"]
[Black "Birnboim, Nathan"]
[Result "0-1"]
[WhiteElo "2223"]
[BlackElo "2358"]
[PlyCount "145"]
[EventDate "2015.07.12"]
[EventType "team"]
[EventRounds "9"]
[EventCountry "AUT"]
[WhiteTeam "Russia Women"]
[BlackTeam "Israel"]

1. d4 Nf6 2. Nf3 c5 3. e3 g6 4. Be2 Bg7 5. O-O d5 6. c3 Qc7 7. Nbd2 O-O 8. Ne5
Nbd7 9. f4 Ne8 10. Bf3 Ndf6 11. dxc5 Qxc5 12. Nb3 Qc7 13. Bd2 Nd6 14. Qe2 Bf5
15. Nd4 Be4 16. Rfd1 Rfd8 17. Be1 Rac8 18. Rac1 Nc4 19. Nxc4 dxc4 20. Bh4 a6
21. Bxf6 Bxf3 22. Nxf3 Bxf6 23. Rxd8+ Rxd8 24. Rd1 b5 25. Rxd8+ Qxd8 26. Qd2
Qa8 27. Qc2 Qb7 28. a3 a5 29. Kf2 Qd5 30. g4 h5 31. g5 Bg7 32. Qd2 Qe4 33. h4
Kh7 34. Ne1 Qh1 35. Ng2 Qb1 36. Qe2 e6 37. Ne1 Qe4 38. Qc2 Qd5 39. Nf3 Kg8 40.
Qd2 Qe4 41. Qd8+ Kh7 42. Qd7 Qc2+ 43. Qd2 Qb1 44. Ne1 Kg8 45. Qc2 Qa1 46. Nf3
Kf8 47. Qd2 Ke8 48. Kg3 Bf8 49. Ne5 Qg1+ 50. Kh3 Qh1+ 51. Kg3 Qd5 52. Qxd5 exd5
53. Kf3 Bd6 54. Nc6 Kd7 55. Nd4 b4 56. axb4 axb4 57. cxb4 Bxb4 58. Ke2 Bc5 59.
Nf3 Ke6 60. Ne5 Bd6 61. Nc6 Bf8 62. Nd4+ Kd6 63. f5 Ke5 64. f6 Kd6 65. b3 Kc5
66. bxc4 dxc4 67. Nc2 Bd6 68. Kf3 c3 69. Nd4 Kc4 70. Ke2 Bg3 71. Nf3 Kb3 72.
Kd3 Kb2 73. Kd4 0-1

[Event "European Senior Team Chess Championship "]
[Site "Hotel AIRO Vienna, Kurbadstr. "]
[Date "2015.07.15"]
[Round "4"]
[White "Maryasin, Boris"]
[Black "Fatalibekova, Elena"]
[Result "1/2-1/2"]
[WhiteElo "2332"]
[BlackElo "2213"]
[PlyCount "54"]
[EventDate "2015.07.12"]
[EventType "team"]
[EventRounds "9"]
[EventCountry "AUT"]
[WhiteTeam "Israel"]
[BlackTeam "Russia Women"]

1. e4 c5 2. Nf3 Nc6 3. Bb5 g6 4. Bxc6 dxc6 5. d3 Bg7 6. Nc3 Nf6 7. Be3 b6 8.
Qd2 Ng4 9. Bg5 h6 10. Bf4 e5 11. Bg3 h5 12. Bh4 Qc7 13. h3 Nh6 14. Bg3 f6 15.
a3 a5 16. O-O Nf7 17. Ne2 O-O 18. b4 axb4 19. axb4 Rxa1 20. Rxa1 cxb4 21. Qxb4
Be6 22. d4 c5 23. dxc5 bxc5 24. Qa4 Rd8 25. Nc3 Kh7 26. Qa6 Rd6 27. Qa8 Rd8
1/2-1/2

[Event "European Senior Team Chess Championship "]
[Site "Hotel AIRO Vienna, Kurbadstr. "]
[Date "2015.07.15"]
[Round "4"]
[White "Saunina, Ludmila"]
[Black "Lederman, Leon"]
[Result "1-0"]
[WhiteElo "2157"]
[BlackElo "2263"]
[PlyCount "121"]
[EventDate "2015.07.12"]
[EventType "team"]
[EventRounds "9"]
[EventCountry "AUT"]
[WhiteTeam "Russia Women"]
[BlackTeam "Israel"]

1. e4 c5 2. Nf3 d6 3. d4 cxd4 4. Nxd4 Nf6 5. Nc3 a6 6. f4 e5 7. Nf3 Qc7 8. a4
Be7 9. Bd3 O-O 10. O-O Nc6 11. Kh1 Nb4 12. Qe1 Be6 13. fxe5 dxe5 14. Qg3 Nc6
15. Ng5 Nd4 16. Be3 Rac8 17. Nd5 Bxd5 18. exd5 g6 19. Bxd4 exd4 20. Qxc7 Rxc7
21. d6 Bxd6 22. Rxf6 Be7 23. Ne4 Bxf6 24. Nxf6+ Kg7 25. Rf1 Rfc8 26. b3 Rxc2
27. Bxc2 Rxc2 28. Nd5 d3 29. Kg1 d2 30. Rd1 Rc1 31. Ne3 Rc3 32. Kf2 Rxb3 33.
Rxd2 b5 34. Rd6 bxa4 35. Rxa6 a3 36. Nc4 Rb4 37. Nxa3 Rb2+ 38. Kf1 Ra2 39. h3
h5 40. Ra7 g5 41. Nb5 Rd2 42. Nc3 Rd4 43. Ke2 h4 44. Ra4 Rd6 45. Ra5 f6 46. Ne4
Re6 47. Kf3 Kg6 48. Rd5 f5 49. Nd6 Rf6 50. Nc4 Rf8 51. Ne5+ Kh5 52. Rd7 Kh6 53.
Rf7 Rxf7 54. Nxf7+ Kg6 55. Ne5+ Kf6 56. Nc6 Ke6 57. Ke3 Kd5 58. Nd4 Ke5 59.
Nf3+ Kf6 60. Kd4 g4 61. hxg4 1-0

[Event "European Senior Team Chess Championship "]
[Site "Hotel AIRO Vienna, Kurbadstr. "]
[Date "2015.07.15"]
[Round "4"]
[White "Vasiukov, Evgeni"]
[Black "Klundt, Klaus"]
[Result "1/2-1/2"]
[WhiteElo "2401"]
[BlackElo "2309"]
[PlyCount "58"]
[EventDate "2015.07.12"]
[EventType "team"]
[EventRounds "9"]
[EventCountry "AUT"]
[WhiteTeam "Russia 1"]
[BlackTeam "Hessen 1"]

1. e4 c5 2. a3 e6 3. b4 d5 4. exd5 exd5 5. bxc5 Bxc5 6. d4 Be7 7. Bd3 Nc6 8. c3
Nf6 9. Nf3 O-O 10. h3 Ne4 11. O-O Bf5 12. Re1 Re8 13. Ra2 Nd6 14. Bxf5 Nxf5 15.
Rae2 Qd7 16. Qd3 Nd6 17. Nbd2 Bf8 18. Ne5 Nxe5 19. dxe5 Qb5 20. Qf3 Nc4 21.
Nxc4 Qxc4 22. Rd2 Rad8 23. Rd4 Qb3 24. Bg5 Rc8 25. Re3 Qxa3 26. Rxd5 Qa4 27.
Qf5 Re6 28. Red3 Qe8 29. f4 h6 1/2-1/2

[Event "European Senior Team Chess Championship "]
[Site "Hotel AIRO Vienna, Kurbadstr. "]
[Date "2015.07.15"]
[Round "4"]
[White "Isserman, Ryhor"]
[Black "Balashov, Yuri S"]
[Result "0-1"]
[WhiteElo "2305"]
[BlackElo "2437"]
[PlyCount "86"]
[EventDate "2015.07.12"]
[EventType "team"]
[EventRounds "9"]
[EventCountry "AUT"]
[WhiteTeam "Hessen 1"]
[BlackTeam "Russia 1"]

1. e4 c5 2. Nf3 d6 3. Bb5+ Bd7 4. Bxd7+ Nxd7 5. c4 Ngf6 6. Nc3 e6 7. O-O Rc8 8.
b3 a6 9. Qe2 g6 10. Bb2 Bg7 11. Ne1 Ne5 12. Nc2 O-O 13. f4 Nc6 14. Rae1 Qa5 15.
Qd3 b5 16. cxb5 Nb4 17. Nxb4 cxb4 18. Nd1 Qxb5 19. Qxb5 axb5 20. a3 Rc2 21.
axb4 Rxd2 22. Bc3 Rd3 23. Rf3 Rxf3 24. gxf3 Rc8 25. Re3 d5 26. Bxf6 Bxf6 27.
Rd3 dxe4 28. fxe4 Rc2 29. e5 Be7 30. Nc3 Bxb4 31. Nxb5 Bc5+ 32. Kh1 Rf2 33. Rc3
Bb4 34. Rc8+ Kg7 35. Nd6 Rxf4 36. Ne8+ Kh6 37. Nf6 g5 38. Rh8 Bc3 39. Rxh7+ Kg6
40. Rh3 Bxe5 41. Nd7 Bd4 42. Rd3 e5 43. Rd1 Rf2 0-1

[Event "European Senior Team Chess Championship "]
[Site "Hotel AIRO Vienna, Kurbadstr. "]
[Date "2015.07.15"]
[Round "4"]
[White "Zhelnin, Vladimir V"]
[Black "Kierzek, Matthias"]
[Result "1-0"]
[WhiteElo "2473"]
[BlackElo "2270"]
[PlyCount "57"]
[EventDate "2015.07.12"]
[EventType "team"]
[EventRounds "9"]
[EventCountry "AUT"]
[WhiteTeam "Russia 1"]
[BlackTeam "Hessen 1"]

1. e4 c6 2. Nc3 d5 3. Nf3 Bg4 4. h3 Bxf3 5. Qxf3 e6 6. a3 Nf6 7. d3 Nbd7 8. Qe2
Bd6 9. g3 Qc7 10. Bg2 h5 11. f4 dxe4 12. dxe4 e5 13. f5 Bc5 14. Bd2 Nb6 15.
O-O-O O-O-O 16. Kb1 Bd4 17. Na2 Na4 18. c3 Bc5 19. Bc1 a5 20. Bf3 h4 21. g4 b5
22. Rxd8+ Rxd8 23. Bg5 Qd7 24. Bxh4 Qd3+ 25. Qxd3 Rxd3 26. Bxf6 gxf6 27. Bd1
Nb6 28. Nc1 Rd2 29. Nb3 1-0

[Event "European Senior Team Chess Championship "]
[Site "Hotel AIRO Vienna, Kurbadstr. "]
[Date "2015.07.15"]
[Round "4"]
[White "Haubt, Georg"]
[Black "Pushkov, Nikolai"]
[Result "0-1"]
[WhiteElo "2193"]
[BlackElo "2301"]
[PlyCount "150"]
[EventDate "2015.07.12"]
[EventType "team"]
[EventRounds "9"]
[EventCountry "AUT"]
[WhiteTeam "Hessen 1"]
[BlackTeam "Russia 1"]

1. d4 d5 2. Bg5 c6 3. Nc3 Bg4 4. Qd3 Qb6 5. O-O-O e6 6. f3 Bh5 7. Nh3 Be7 8.
Bxe7 Nxe7 9. Nf4 Bg6 10. e4 Nd7 11. h4 h6 12. Nxg6 Nxg6 13. exd5 cxd5 14. Qe3
O-O-O 15. Nb5 a6 16. Na3 Qc7 17. Kb1 Nb6 18. h5 Ne7 19. Bd3 Kb8 20. Rh4 Nc4 21.
Qf4 Nxa3+ 22. bxa3 Qxf4 23. Rxf4 f5 24. Rh4 Kc7 25. g3 Rhf8 26. Kc1 Kd6 27. Kd2
Nc6 28. c3 Rc8 29. a4 Rc7 30. Rb1 Rcf7 31. f4 Rc8 32. Rh2 Na5 33. Rb6+ Rc6 34.
Rxc6+ Kxc6 35. Kc2 Kd6 36. Rh1 Nc6 37. Rb1 Rc7 38. Rb6 Kd7 39. Kd2 Ne7 40. Be2
Nc8 41. Rb1 Nd6 42. Bd3 Kc6 43. Kc2 Ne8 44. Re1 Kd7 45. Kb3 Nf6 46. Rh1 Kd6 47.
Kb4 Rc8 48. Rh2 Ng4 49. Re2 Nf6 50. Rh2 Rc6 51. Kb3 Kc7 52. Rh1 Rb6+ 53. Kc2
Kd6 54. Kc1 Ng4 55. Re1 Nf2 56. Bc2 Ne4 57. Re3 Rc6 58. Kb2 Nf6 59. Bd1 Rc7 60.
Bf3 g6 61. hxg6 Rg7 62. c4 dxc4 63. Rc3 Nd5 64. Rxc4 Rxg6 65. Bxd5 Kxd5 66. Rb4
Rxg3 67. Rxb7 Kxd4 68. Rb6 Re3 69. Rxa6 Kc5 70. a5 Re4 71. a4 Kb4 72. Ra8 Kxa4
73. a6 Ka5 74. Rh8 Kxa6 75. Rxh6 Kb5 0-1

[Event "European Senior Team Chess Championship "]
[Site "Hotel AIRO Vienna, Kurbadstr. "]
[Date "2015.07.15"]
[Round "4"]
[White "Schmidt, Bodo"]
[Black "Danner, Georg"]
[Result "0-1"]
[WhiteElo "2353"]
[BlackElo "2389"]
[PlyCount "136"]
[EventDate "2015.07.12"]
[EventType "team"]
[EventRounds "9"]
[EventCountry "AUT"]
[WhiteTeam "Germany"]
[BlackTeam "Austria 1"]

1. d4 Nf6 2. Nf3 e6 3. e3 c5 4. Bd3 b6 5. O-O Bb7 6. c4 g6 7. Nc3 Bg7 8. d5
exd5 9. cxd5 Nxd5 10. Nb5 Nf6 11. Nd6+ Kf8 12. Nxb7 Qc7 13. Bc4 Qxb7 14. Qd6+
Ke8 15. Ng5 Rf8 16. Qe5+ Kd8 17. Nxh7 Nc6 18. Qg5 Ke7 19. Nxf8 Kxf8 20. Rd1 Re8
21. f3 Ne5 22. Be2 d5 23. Bd2 b5 24. Rac1 Ned7 25. b4 c4 26. Bc3 Kg8 27. Bd4
Re6 28. Bf1 Qa8 29. g3 Qf8 30. a3 Bh6 31. Qh4 Bxe3+ 32. Bxe3 Rxe3 33. Bh3 Qd6
34. Bxd7 Nxd7 35. Qd4 Qb6 36. Kg2 Re2+ 37. Kh3 Qe6+ 38. Qg4 Qe3 39. Qd4 Qh6+
40. Qh4 Qxh4+ 41. Kxh4 Rxh2+ 42. Kg5 Kg7 43. Kf4 Nb6 44. Ke5 Ra2 45. Rc3 Rg2
46. g4 Na4 47. Re3 c3 48. Kxd5 Rd2+ 49. Rxd2 cxd2 50. Rd3 Nc3+ 51. Kc5 d1=Q 52.
Rxd1 Nxd1 53. Kxb5 Nc3+ 54. Kc4 Na4 55. Kb3 Nb6 56. a4 Kf6 57. a5 Nd5 58. Kc4
Ke6 59. Kc5 a6 60. b5 axb5 61. Kxb5 Kd6 62. g5 Kc7 63. Kc4 Nf4 64. Kd4 Ne6+ 65.
Ke5 Nxg5 66. f4 Ne6 67. f5 gxf5 68. Kxf5 Kb7 0-1

[Event "European Senior Team Chess Championship "]
[Site "Hotel AIRO Vienna, Kurbadstr. "]
[Date "2015.07.15"]
[Round "4"]
[White "Petschar, Kurt"]
[Black "Ackermann, Hans Werner"]
[Result "1-0"]
[WhiteElo "2266"]
[BlackElo "2297"]
[PlyCount "85"]
[EventDate "2015.07.12"]
[EventType "team"]
[EventRounds "9"]
[EventCountry "AUT"]
[WhiteTeam "Austria 1"]
[BlackTeam "Germany"]

1. e4 d6 2. d4 Nf6 3. Nc3 Nbd7 4. g3 e5 5. Nge2 c6 6. a4 a5 7. Bg2 h5 8. h3 Qc7
9. b3 Be7 10. O-O Nf8 11. f4 Bd7 12. Qd3 Rd8 13. Qf3 Ng6 14. f5 Nf8 15. Be3 Bc8
16. d5 N8d7 17. Rad1 cxd5 18. exd5 b6 19. Rd2 Ba6 20. Rfd1 Nc5 21. Bf1 Rb8 22.
Nc1 Bxf1 23. Rxf1 Rc8 24. Nb5 Qb7 25. c4 Nfe4 26. Rg2 Ng5 27. Bxg5 f6 28. Be3
Nd7 29. Ne2 Kf7 30. Nec3 Rcg8 31. Ne4 Qb8 32. g4 hxg4 33. hxg4 Rh4 34. Rff2 g5
35. fxg6+ Rxg6 36. g5 Qh8 37. Rh2 Kg8 38. Nbxd6 Bxd6 39. Nxd6 e4 40. Qf5 Nf8
41. Nxe4 Qh7 42. Nxf6+ Rxf6 43. Qxh7+ 1-0

[Event "European Senior Team Chess Championship "]
[Site "Hotel AIRO Vienna, Kurbadstr. "]
[Date "2015.07.15"]
[Round "4"]
[White "Singer, Hans"]
[Black "Baum, Bernd"]
[Result "1/2-1/2"]
[WhiteElo "2165"]
[BlackElo "2264"]
[PlyCount "49"]
[EventDate "2015.07.12"]
[EventType "team"]
[EventRounds "9"]
[EventCountry "AUT"]
[WhiteTeam "Austria 1"]
[BlackTeam "Germany"]

1. c4 c5 2. Nf3 Nc6 3. Nc3 g6 4. g3 Bg7 5. Bg2 e5 6. d3 Nge7 7. O-O d6 8. Rb1
O-O 9. a3 a5 10. Ne1 Be6 11. Nd5 Rb8 12. Nc2 b5 13. Nce3 Qd7 14. Bd2 b4 15.
axb4 axb4 16. Nxe7+ Nxe7 17. Ra1 e4 18. Bc1 exd3 19. Qxd3 Nc6 20. Nd5 Ne5 21.
Qb3 Bxd5 22. Bxd5 Qh3 23. Bg2 Qe6 24. Bd5 Qh3 25. Bg2 1/2-1/2

[Event "European Senior Team Chess Championship "]
[Site "Hotel AIRO Vienna, Kurbadstr. "]
[Date "2015.07.15"]
[Round "4"]
[White "Faibisovich, Vadim Z"]
[Black "Boehnisch, Manfred"]
[Result "1/2-1/2"]
[WhiteElo "2347"]
[BlackElo "2284"]
[PlyCount "48"]
[EventDate "2015.07.12"]
[EventType "team"]
[EventRounds "9"]
[EventCountry "AUT"]
[WhiteTeam "Sankt Petersburg"]
[BlackTeam "Schachfreunde Leipzig"]

1. e4 c6 2. d4 d5 3. Nc3 dxe4 4. Nxe4 Bf5 5. Ng3 Bg6 6. Nf3 Nd7 7. Bd3 Ngf6 8.
O-O e6 9. Re1 Be7 10. Bg5 O-O 11. Qe2 Bxd3 12. Qxd3 h6 13. Bxf6 Bxf6 14. Rad1
Qc7 15. Ne4 Rfd8 16. b3 a5 17. a4 Be7 18. Qe3 Nf6 19. Nxf6+ Bxf6 20. Rd3 b5 21.
g3 Qb6 22. Ne5 Bxe5 23. dxe5 Qxe3 24. Rexe3 b4 1/2-1/2

[Event "European Senior Team Chess Championship "]
[Site "Hotel AIRO Vienna, Kurbadstr. "]
[Date "2015.07.15"]
[Round "4"]
[White "Schoeneberg, Manfred"]
[Black "Mishuchkov, Nikolai M"]
[Result "1/2-1/2"]
[WhiteElo "2238"]
[BlackElo "2320"]
[PlyCount "34"]
[EventDate "2015.07.12"]
[EventType "team"]
[EventRounds "9"]
[EventCountry "AUT"]
[WhiteTeam "Schachfreunde Leipzig"]
[BlackTeam "Sankt Petersburg"]

1. e4 c5 2. Nf3 e6 3. d4 cxd4 4. Nxd4 Nc6 5. Be3 Nf6 6. Nc3 Bb4 7. Bd3 d5 8.
exd5 Nxd5 9. Nxc6 bxc6 10. Bd2 Nxc3 11. bxc3 Bd6 12. Qh5 g6 13. Qf3 Bd7 14. O-O
O-O 15. Rfe1 Re8 16. g3 Qa5 17. Rad1 Rad8 1/2-1/2

[Event "European Senior Team Chess Championship "]
[Site "Hotel AIRO Vienna, Kurbadstr. "]
[Date "2015.07.15"]
[Round "4"]
[White "Karasev, Vladimir I"]
[Black "Pruefer, Friedbert"]
[Result "1-0"]
[WhiteElo "2326"]
[BlackElo "2224"]
[PlyCount "123"]
[EventDate "2015.07.12"]
[EventType "team"]
[EventRounds "9"]
[EventCountry "AUT"]
[WhiteTeam "Sankt Petersburg"]
[BlackTeam "Schachfreunde Leipzig"]

1. Nf3 Nf6 2. c4 g6 3. Nc3 d5 4. cxd5 Nxd5 5. Qa4+ Bd7 6. Qe4 Bc6 7. Qd4 Nf6 8.
Qxd8+ Kxd8 9. Ne5 Be8 10. d4 Nc6 11. Bf4 Nh5 12. Nxc6+ Bxc6 13. d5 Nxf4 14.
dxc6 bxc6 15. O-O-O+ Ke8 16. e3 Ne6 17. Bc4 Bg7 18. Bxe6 fxe6 19. Ne4 Rb8 20.
Rd2 Rb5 21. Rc2 Kf7 22. b3 Be5 23. Rxc6 Bd6 24. h4 h6 25. g4 a5 26. Rc4 Rhb8
27. Rd1 Rd5 28. Kc2 Rb7 29. Rd3 Bb4 30. Nc3 Rd6 31. a4 Rdb6 32. Ne4 Bd6 33. Nc5
Ra7 34. Nd7 Rb4 35. Rxb4 axb4 36. f4 Ke8 37. Ne5 Bxe5 38. fxe5 Ra5 39. Rd4 c5
40. Rc4 Kd7 41. Kd3 Kc6 42. Rf4 Kd5 43. e4+ Kxe5 44. Rf8 Ra7 45. Kc4 Kxe4 46.
Kxc5 e5 47. Kb6 Rd7 48. a5 Kd3 49. a6 e4 50. a7 Rxa7 51. Kxa7 e5 52. Re8 Kd4
53. Rd8+ Ke3 54. Kb6 Kf4 55. Kc5 e3 56. Rd1 Kxg4 57. Kxb4 Kf3 58. Kc3 g5 59.
hxg5 hxg5 60. Rf1+ Kg2 61. Rf5 e4 62. b4 1-0

[Event "European Senior Team Chess Championship "]
[Site "Hotel AIRO Vienna, Kurbadstr. "]
[Date "2015.07.15"]
[Round "4"]
[White "Beltz, Robert"]
[Black "Turikov, Viktor"]
[Result "0-1"]
[WhiteElo "2160"]
[BlackElo "2233"]
[PlyCount "78"]
[EventDate "2015.07.12"]
[EventType "team"]
[EventRounds "9"]
[EventCountry "AUT"]
[WhiteTeam "Schachfreunde Leipzig"]
[BlackTeam "Sankt Petersburg"]

1. d4 Nf6 2. c4 c5 3. Nf3 e6 4. Nc3 cxd4 5. Nxd4 Nc6 6. Nc2 d5 7. e3 Be7 8.
cxd5 exd5 9. Be2 O-O 10. O-O Be6 11. Bf3 Rc8 12. Nd4 Ne5 13. Be2 a6 14. f4 Nc6
15. Nxc6 Rxc6 16. Bf3 Qd7 17. Ne2 Bg4 18. Nd4 Bxf3 19. gxf3 Rb6 20. b3 Re8 21.
Qd3 Nh5 22. Rf2 Rg6+ 23. Rg2 Qh3 24. Qf1 Bf6 25. Rxg6 Qxf1+ 26. Kxf1 hxg6 27.
Bd2 Nxf4 28. Rc1 Bxd4 29. exd4 Ne6 30. Be3 Kf8 31. Kf2 Ke7 32. Ke2 Kd7 33. Kd3
Rh8 34. Rc2 g5 35. Bc1 Rh3 36. Rf2 g4 37. Ke3 f5 38. Kd2 gxf3 39. Ke3 g5 0-1

[Event "European Senior Team Chess Championship "]
[Site "Hotel AIRO Vienna, Kurbadstr. "]
[Date "2015.07.16"]
[Round "5"]
[White "Vasiukov, Evgeni"]
[Black "Zilberman, Yaacov"]
[Result "1/2-1/2"]
[WhiteElo "2401"]
[BlackElo "2383"]
[PlyCount "98"]
[EventDate "2015.07.12"]
[EventType "team"]
[EventRounds "9"]
[EventCountry "AUT"]
[WhiteTeam "Russia 1"]
[BlackTeam "Israel"]

1. e4 e5 2. Bc4 Nf6 3. d3 Nc6 4. Nf3 Be7 5. O-O O-O 6. Re1 d6 7. c3 Nd7 8. a4
a5 9. Na3 Kh8 10. d4 Bf6 11. h3 Nb6 12. Bb5 exd4 13. cxd4 Nb4 14. Bf4 d5 15. e5
Be7 16. Nc2 Bf5 17. Nxb4 Bxb4 18. Re2 Be7 19. Bd3 Qc8 20. Qc2 Bxd3 21. Qxd3 Qe6
22. Bg5 Rfe8 23. Bxe7 Rxe7 24. Ng5 Qg6 25. Qxg6 hxg6 26. f4 Nd7 27. g4 c5 28.
Rd1 Rc8 29. Kf2 Nb6 30. dxc5 Rxc5 31. b3 Kg8 32. Rd3 Na8 33. e6 f6 34. Nf3 Nc7
35. Nd4 b5 36. f5 gxf5 37. gxf5 bxa4 38. bxa4 Rc4 39. Nb5 Nxb5 40. axb5 Rc5 41.
b6 Rb5 42. b7 Re8 43. Rc2 Rxb7 44. Rxd5 Kh7 45. Rxa5 g6 46. Rd5 Kh6 47. h4 gxf5
48. Rd7 Rb3 49. Re2 Rh3 1/2-1/2

[Event "European Senior Team Chess Championship "]
[Site "Hotel AIRO Vienna, Kurbadstr. "]
[Date "2015.07.16"]
[Round "5"]
[White "Birnboim, Nathan"]
[Black "Balashov, Yuri S"]
[Result "1/2-1/2"]
[WhiteElo "2358"]
[BlackElo "2437"]
[PlyCount "126"]
[EventDate "2015.07.12"]
[EventType "team"]
[EventRounds "9"]
[EventCountry "AUT"]
[WhiteTeam "Israel"]
[BlackTeam "Russia 1"]

1. e4 c5 2. Nf3 d6 3. d4 cxd4 4. Nxd4 Nf6 5. Nc3 a6 6. f4 e5 7. Nf3 Qc7 8. Bd3
Be7 9. O-O O-O 10. Kh1 b5 11. a3 Nbd7 12. Qe1 Re8 13. fxe5 dxe5 14. Bg5 h6 15.
Bd2 Bf8 16. Qg3 Nh5 17. Qh4 Ndf6 18. Nd5 Nxd5 19. Qxh5 Nf6 20. Qh4 Nd7 21. Qg3
Nc5 22. Bxh6 Nxd3 23. cxd3 Qd6 24. Bd2 Qxd3 25. Rad1 Qxe4 26. Ng5 Qg4 27. Nxf7
Qxg3 28. hxg3 Ra7 29. Ng5 Bc5 30. Bc3 Be3 31. Bd2 Bd4 32. Bc3 Bxc3 33. bxc3 Rc7
34. Rd3 e4 35. Re3 Re5 36. Nh3 Bxh3 37. gxh3 Rd5 38. Rf4 Rd3 39. Rfxe4 Rcxc3
40. Rxd3 Rxd3 41. a4 Rxg3 42. axb5 axb5 43. Kh2 Rb3 44. Re6 b4 45. Rb6 Kh7 46.
h4 g6 47. Rb5 Kh6 48. Kg2 Rb1 49. Kh2 b3 50. Kg2 Kg7 51. Kf2 Kf6 52. Kg2 Ke6
53. Rg5 Rd1 54. Rxg6+ Kd5 55. Rb6 Kc4 56. Kg3 Rd4 57. h5 Kc3 58. h6 b2 59. Rb8
Rd6 60. h7 Rh6 61. Rc8+ Kd2 62. Rd8+ Kc2 63. Rc8+ Kd2 1/2-1/2